Athletes Who Wore #12 - Statistics

General Stats
  • This quiz has been taken 57 times
  • The average score is 10 of 20
Answer Stats
Team Years Player % Correct
New England Patriots 2000-2019 Tom Brady
100%
Green Bay Packers 2005-2023 Aaron Rodgers
96%
New York Jets 1965-1976 Joe Namath
83%
Indianapolis Colts 2012-2018 Andrew Luck
79%
Memphis Grizzlies 2020- Ja Morant
74%
Pittsburgh Steelers 1970-1983 Terry Bradshaw
74%
Utah Jazz 1984-2003 John Stockton
66%
Orlando Magic 2005-2012 Dwight Howard
60%
Buffalo Bills 1986-1996 Jim Kelly
57%
Dallas Cowboys 1969-1979 Roger Staubach
57%
Philadelphia Eagles 1985-1995 Randall Cunningham
51%
Chicago Bulls 1990 Michael Jordan
43%
Oakland Raiders 1970-1979 Ken Stabler
40%
Miami Dolphins 1967-1980 Bob Griese
38%
Portland Trail Blazers 2007-2015 LaMarcus Aldridge
30%
Calgary Flames 1996-2013 Jarome Iginla
23%
Real Madrid 2006-2022 Marcelo
21%
Los Angeles Lakers 1990-2005 Vlade Divac
15%
Chicago Cubs 2007-2013 Alfonso Soriano
11%
New York Yankees 1993-1997 Wade Boggs
2%
No matching quizzes found
Score Distribution
Percent of People with Each Score
Percentile by Number Answered
Your Score History
You have not taken this quiz